Main Glee Characters - Statistics

General Stats
  • This quiz has been taken 88 times
  • The average score is 16 of 17
Answer Stats
Actor Character % Correct
Lea Michele Rachel Berry
100%
Jane Lynch Sue Sylvester
100%
Matthew Morrison Will Schuester
100%
Darren Criss Blaine Anderson
98%
Cory Monteith Finn Hudson
98%
Chris Coffler Kurt Hummel
98%
Diana Agron Quinn Fabray
98%
Jenna Ushkowitz Tina Cohen-Chang
98%
Amber Riley Mercedes Jones
97%
Harry Shum Jr. Mike Chang
97%
Naya Rivera Santana Lopez
97%
Kevin McHale Artie Abrams
95%
Heather Morris Brittany Pierce
95%
Mark Sailing Noah Puckerman
95%
Chord Overstreet Sam Evans
92%
Jayma Mays Emma Pillsbury
83%
Mike O'Malley Burt Hummel
58%
No matching quizzes found
Score Distribution
Percent of People with Each Score
Percentile by Number Answered
Your Score History
You have not taken this quiz